000 00391nam a2200169Ia 4500
005 20250423101226.0
008 250422s9999 xx 000 0 und d
020 _a0-88730-866-X
050 _aPN6162.A345
100 _aScott Adams
245 4 _aThe dilbert future
260 _bHarper Business
260 _c1997
300 _a258 p
650 _aAmerican wit and humor
942 _cBK
999 _c35670
_d35670